[Event "17. Europa ch Juvenil - Femenino s18"]
[Site "Sibenik CRO"]
[Date "2007.09.17"]
[Round "4.24"]
[White "Yelmarova, Natavan"]
[Black "Le Bail, Clara"]
[Result "0-1"]
[WhiteElo "1850"]
[BlackElo "1981"]
[PlyCount "110"]
[EventDate "2007.09.14"]
[EventType "swiss"]
[EventRounds "9"]
[EventCountry "CRO"]
[Source "lmi"]
[SourceDate "2007.09.14"]

1. d4 d5 2. c4 c6 3. cxd5 cxd5 4. Nc3 e5 5. e3 e4 6. Qb3 Nf6 7. Nge2 Bd6 8. Bd2
Bc7 9. Rc1 Nc6 10. Nb5 Bb8 11. Ng3 O-O 12. Be2 Bg4 13. Qd1 Qd7 14. a3 Bxe2 15.
Qxe2 a6 16. Nc3 b5 17. b4 Ne8 18. O-O f5 19. f4 Ba7 20. Kh1 Rf6 21. Rg1 Rh6 22.
Nh5 Qf7 23. g4 fxg4 24. Ng3 Qd7 25. Be1 Nf6 26. Qa2 Kh8 27. Rg2 Rc8 28. Rgc2
Ne7 29. a4 bxa4 30. Nxa4 Rxc2 31. Qxc2 Ne8 32. Nc5 Qb5 33. Qa4 Nc7 34. Qxb5
axb5 35. Ra1 Nc8 36. Nf5 Rf6 37. Ne7 Nxe7 38. Rxa7 Rc6 39. Bh4 Nc8 40. Ra5 Kg8
41. Bd8 Nd6 42. Bxc7 Rxc7 43. Kg2 h5 44. Kf2 Kf7 45. Ra6 Ke7 46. Ra8 h4 47. Rg8
Nf5 48. Rb8 Ra7 49. Rb7+ Rxb7 50. Nxb7 g3+ 51. hxg3 hxg3+ 52. Ke2 g2 53. Kf2
Nxe3 54. Na5 Nc2 55. Nb3 e3+ 0-1

[Event "17. Europa ch Juvenil - Femenino s18"]
[Site "Sibenik CRO"]
[Date "2007.09.17"]
[Round "4.25"]
[White "Cucarella Montell, Angels"]
[Black "Martin, Katie A"]
[Result "0-1"]
[WhiteElo "1921"]
[BlackElo "1928"]
[PlyCount "104"]
[EventDate "2007.09.14"]
[EventType "swiss"]
[EventRounds "9"]
[EventCountry "CRO"]
[Source "lmi"]
[SourceDate "2007.09.14"]

1. e4 e5 2. Nf3 Nc6 3. Bb5 a6 4. Ba4 Nf6 5. d3 b5 6. Bb3 Be7 7. c3 d6 8. O-O
O-O 9. Nbd2 Na5 10. Bc2 c5 11. Re1 Re8 12. Nf1 Bf8 13. Bg5 h6 14. Bh4 Be7 15.
h3 Nh5 16. Bxe7 Qxe7 17. d4 Nf4 18. Ne3 cxd4 19. cxd4 Bb7 20. Qd2 Nc4 21. Qb4
Nxe3 22. fxe3 Nh5 23. Rad1 Rac8 24. Rc1 Nf6 25. Nd2 Rc7 26. Bd3 Rxc1 27. Rxc1
exd4 28. exd4 Nxe4 29. Re1 d5 30. Qb3 Qh4 31. Nf3 Qf2+ 32. Kh2 Re6 33. Re2 Qg3+
34. Kg1 Rc6 35. Qd1 Rf6 36. Bxe4 dxe4 37. Ne5 e3 38. Ng4 Rf2 39. Nxe3 Bxg2 40.
Rxf2 Bf3+ 41. Rg2 Qxg2+ 42. Nxg2 Bxd1 43. Kf2 Bc2 44. Nf4 Kf8 45. Nd5 Be4 46.
Nc7 Bb7 47. d5 Ke7 48. d6+ Kd7 49. h4 g6 50. h5 Kxd6 51. Ne8+ Ke7 52. hxg6 fxg6
0-1

[Event "17. Europa ch Juvenil - Femenino s18"]
[Site "Sibenik CRO"]
[Date "2007.09.17"]
[Round "4.26"]
[White "Vasile, Teodora"]
[Black "Altunkeser, Gozde"]
[Result "0-1"]
[WhiteElo "1922"]
[BlackElo "1913"]
[PlyCount "60"]
[EventDate "2007.09.14"]
[EventType "swiss"]
[EventRounds "9"]
[EventCountry "CRO"]
[Source "lmi"]
[SourceDate "2007.09.14"]

1. e4 c5 2. Nc3 d6 3. g3 Nc6 4. Bg2 g6 5. f4 Bg7 6. d3 e6 7. Nf3 Nge7 8. O-O
O-O 9. Ne2 Nd4 10. c3 Nxf3+ 11. Bxf3 Rb8 12. Be3 b6 13. Qd2 Bb7 14. g4 f5 15.
h3 Qc7 16. Ng3 Rbc8 17. Kh2 d5 18. e5 Kh8 19. Rac1 fxg4 20. hxg4 g5 21. d4 gxf4
22. Bxf4 Ba6 23. Rf2 Ng6 24. Bh6 Bxh6 25. Qxh6 cxd4 26. Nh5 Nxe5 27. Kg2 Nd3
28. cxd4 Nxc1 29. g5 Bd3 30. Qxe6 Bg6 0-1

[Event "17. Europa ch Juvenil - Femenino s18"]
[Site "Sibenik CRO"]
[Date "2007.09.17"]
[Round "4.27"]
[White "Knaperekova, Emilia"]
[Black "Brankov, Kristina"]
[Result "1-0"]
[WhiteElo "1946"]
[BlackElo "1918"]
[PlyCount "87"]
[EventDate "2007.09.14"]
[EventType "swiss"]
[EventRounds "9"]
[EventCountry "CRO"]
[Source "lmi"]
[SourceDate "2007.09.14"]

1. f4 d5 2. e3 g6 3. d4 Bg7 4. Bd3 Nf6 5. Nf3 e6 6. O-O O-O 7. Ne5 Nbd7 8. Nd2
c5 9. c3 b6 10. Ndf3 Bb7 11. Bd2 Nxe5 12. fxe5 Nd7 13. Be1 f6 14. Bh4 Qe8 15.
exf6 Nxf6 16. Ng5 e5 17. Qe1 cxd4 18. cxd4 e4 19. Be2 Rc8 20. Rc1 Rxc1 21. Qxc1
Qc8 22. Qxc8 Bxc8 23. Rc1 h6 24. Nh3 Bxh3 25. gxh3 g5 26. Bg3 Rd8 27. Rc7 Rd7
28. Rxd7 Nxd7 29. Bb5 Nf6 30. Bb8 a5 31. Bc7 Bf8 32. a3 g4 33. Bxb6 gxh3 34.
Bxa5 Bd6 35. Be2 Kf7 36. Be1 Bc7 37. Bg3 Bb6 38. b4 Nd7 39. Bg4 Nf6 40. Bxh3
Ne8 41. a4 Ke7 42. a5 Ba7 43. b5 Nd6 44. b6 1-0

[Event "17. Europa ch Juvenil - Femenino s18"]
[Site "Sibenik CRO"]
[Date "2007.09.18"]
[Round "5.1"]
[White "Paulet, Iozefina"]
[Black "Tarasova, Viktoriya"]
[Result "1/2-1/2"]
[WhiteElo "2241"]
[BlackElo "2249"]
[PlyCount "32"]
[EventDate "2007.09.14"]
[EventType "swiss"]
[EventRounds "9"]
[EventCountry "CRO"]
[Source "lmi"]
[SourceDate "2007.09.14"]

1. e4 e5 2. Nf3 Nc6 3. Bb5 a6 4. Bxc6 dxc6 5. O-O f6 6. d4 exd4 7. Nxd4 c5 8.
Nb3 Qxd1 9. Rxd1 Bg4 10. f3 Be6 11. Bf4 c4 12. Nd4 O-O-O 13. Nc3 Bf7 14. Kf1
Bc5 15. Be3 g6 16. Nf5 Rxd1+ 1/2-1/2

[Event "17. Europa ch Juvenil - Femenino s18"]
[Site "Sibenik CRO"]
[Date "2007.09.18"]
[Round "5.2"]
[White "Chirita, Andra-Marina"]
[Black "Robles Garcia, Claudia"]
[Result "1/2-1/2"]
[WhiteElo "2056"]
[BlackElo "2167"]
[PlyCount "34"]
[EventDate "2007.09.14"]
[EventType "swiss"]
[EventRounds "9"]
[EventCountry "CRO"]
[Source "lmi"]
[SourceDate "2007.09.14"]

1. d4 Nf6 2. Nf3 c5 3. d5 e6 4. c4 b5 5. Bg5 exd5 6. cxd5 d6 7. e4 a6 8. a4 Be7
9. axb5 Nxe4 10. Bxe7 Qxe7 11. Be2 O-O 12. O-O Qb7 13. Re1 axb5 14. Rxa8 Qxa8
15. Bxb5 Nf6 16. Nc3 Ba6 17. h3 Bxb5 1/2-1/2

[Event "17. Europa ch Juvenil - Femenino s18"]
[Site "Sibenik CRO"]
[Date "2007.09.18"]
[Round "5.3"]
[White "Foisor, Sabina-Francesca"]
[Black "Ivakhinova, Inna"]
[Result "1-0"]
[WhiteElo "2346"]
[BlackElo "2251"]
[PlyCount "95"]
[EventDate "2007.09.14"]
[EventType "swiss"]
[EventRounds "9"]
[EventCountry "CRO"]
[Source "lmi"]
[SourceDate "2007.09.14"]

1. d4 d5 2. c4 dxc4 3. e3 Nf6 4. Bxc4 e6 5. Nf3 c5 6. O-O a6 7. Bb3 b5 8. a4 b4
9. Nbd2 Be7 10. Qe2 O-O 11. Rd1 Bb7 12. Nc4 Qc7 13. a5 Nc6 14. Nfe5 Rfd8 15.
Nxc6 Qxc6 16. f3 Rac8 17. Nb6 Rb8 18. Nc4 Rbc8 19. Nb6 Rb8 20. Bc2 Qc7 21. Nc4
Rbc8 22. Nb6 Rb8 23. Bd3 cxd4 24. e4 Bd6 25. g3 h6 26. Bd2 Bc5 27. Rac1 Qe7 28.
Na4 Ba7 29. Rc4 Rdc8 30. Rdc1 Rxc4 31. Rxc4 Rc8 32. Rxb4 e5 33. Kg2 Rc6 34. Rc4
Qd7 35. b3 Ne8 36. Rxc6 Qxc6 37. Bb4 Nd6 38. Qc2 Qxc2+ 39. Bxc2 Nb5 40. Bd3 Bc8
41. Bc4 g6 42. Nb6 Bb7 43. Nd7 Kg7 44. Bf8+ Kh7 45. Nxe5 f5 46. exf5 gxf5 47.
Bd3 Bc8 48. Nc6 1-0

[Event "17. Europa ch Juvenil - Femenino s18"]
[Site "Sibenik CRO"]
[Date "2007.09.18"]
[Round "5.4"]
[White "Ikonomopoulou, Maria"]
[Black "Rakic, Marija"]
[Result "1/2-1/2"]
[WhiteElo "2029"]
[BlackElo "2247"]
[PlyCount "81"]
[EventDate "2007.09.14"]
[EventType "swiss"]
[EventRounds "9"]
[EventCountry "CRO"]
[Source "lmi"]
[SourceDate "2007.09.14"]

1. e4 Nf6 2. e5 Nd5 3. d4 d6 4. Nf3 Bg4 5. Be2 e6 6. c4 Nb6 7. h3 Bh5 8. Nc3
Be7 9. Be3 Nc6 10. exd6 cxd6 11. d5 exd5 12. Nxd5 Bxf3 13. Bxb6 axb6 14. Bxf3
O-O 15. O-O Bf6 16. Nxf6+ Qxf6 17. b3 Rae8 18. Qd2 Re5 19. Rad1 Rd8 20. Rfe1 g6
21. Re4 Qe7 22. Qe3 Re8 23. Rxe5 Nxe5 24. Bd5 Qd8 25. Qd4 Re7 26. f4 Nc6 27.
Qf2 Kg7 28. f5 Rd7 29. Rf1 Qf6 30. Bxc6 bxc6 31. Qxb6 c5 32. Qc6 Re7 33. Rd1
Qxf5 34. Qxd6 Re2 35. Rf1 Qg5 36. Qc6 Qe3+ 37. Kh1 h5 38. Qf3 Qxf3 39. Rxf3
Rxa2 40. Rd3 Rb2 41. Rd5 1/2-1/2

[Event "17. Europa ch Juvenil - Femenino s18"]
[Site "Sibenik CRO"]
[Date "2007.09.18"]
[Round "5.5"]
[White "Daulyte, Deimante"]
[Black "Leks, Hanna"]
[Result "1/2-1/2"]
[WhiteElo "2216"]
[BlackElo "2232"]
[PlyCount "82"]
[EventDate "2007.09.14"]
[EventType "swiss"]
[EventRounds "9"]
[EventCountry "CRO"]
[Source "lmi"]
[SourceDate "2007.09.14"]

1. e4 c5 2. Nf3 d6 3. d4 cxd4 4. Nxd4 Nf6 5. Nc3 Nc6 6. Bc4 Qb6 7. Nb3 e6 8.
O-O Be7 9. a4 O-O 10. a5 Qc7 11. f4 Nb4 12. Bd3 d5 13. e5 Nxd3 14. cxd3 Nd7 15.
Nb5 Qd8 16. Qc2 a6 17. N5d4 Nb8 18. Be3 Bd7 19. Rac1 Nc6 20. Nxc6 Bxc6 21. Bb6
Qd7 22. Nd4 Rac8 23. Qe2 Bb5 24. Rxc8 Qxc8 25. Kh1 g6 26. g4 f5 27. exf6 Bxf6
28. Nxe6 Bxd3 29. Qxd3 Qxe6 30. f5 gxf5 31. Qxf5 Qd6 32. Rd1 Be5 33. Qg5+ Kh8
34. Qd2 Bg7 35. Bd4 Rd8 36. Bxg7+ Kxg7 37. Qd4+ Qf6 38. Kg2 Qxd4 39. Rxd4 Kf6
40. Kf3 Ke5 41. Ke3 Rf8 1/2-1/2

[Event "17. Europa ch Juvenil - Femenino s18"]
[Site "Sibenik CRO"]
[Date "2007.09.18"]
[Round "5.6"]
[White "Severiukhina, Zoya"]
[Black "Kharmunova, Nadejda"]
[Result "0-1"]
[WhiteElo "2267"]
[BlackElo "2177"]
[PlyCount "68"]
[EventDate "2007.09.14"]
[EventType "swiss"]
[EventRounds "9"]
[EventCountry "CRO"]
[Source "lmi"]
[SourceDate "2007.09.14"]

1. e4 c5 2. Nf3 Nf6 3. e5 Nd5 4. d4 cxd4 5. Qxd4 e6 6. Bc4 Nc6 7. Qe4 Nde7 8.
O-O Ng6 9. Nc3 a6 10. a4 Qc7 11. Re1 b6 12. Bd3 Bb7 13. Qe2 Be7 14. Nb1 O-O 15.
Na3 f5 16. Nc4 Nb4 17. a5 b5 18. Nb6 Rab8 19. Bd2 Nd5 20. Nxd5 Bxd5 21. Rac1
Bxf3 22. Qxf3 Nxe5 23. Qg3 Bd6 24. Bf4 Nf3+ 25. Qxf3 Bxf4 26. Rcd1 Bxh2+ 27.
Kh1 Be5 28. c3 Bf6 29. Bc2 b4 30. Ba4 Rfd8 31. Qd3 bxc3 32. bxc3 Bxc3 33. Re3
Rb4 34. Bxd7 Rd4 0-1

[Event "17. Europa ch Juvenil - Femenino s18"]
[Site "Sibenik CRO"]
[Date "2007.09.18"]
[Round "5.7"]
[White "Gosciniak, Maria"]
[Black "Gunina, Valentina"]
[Result "1-0"]
[WhiteElo "2076"]
[BlackElo "2361"]
[PlyCount "65"]
[EventDate "2007.09.14"]
[EventType "swiss"]
[EventRounds "9"]
[EventCountry "CRO"]
[Source "lmi"]
[SourceDate "2007.09.14"]

1. e4 c6 2. d4 d5 3. Nd2 dxe4 4. Nxe4 Bf5 5. Ng3 Bg6 6. h4 h6 7. Nf3 Nd7 8. h5
Bh7 9. Bd3 Bxd3 10. Qxd3 e6 11. Bd2 Ngf6 12. O-O-O Be7 13. Qe2 O-O 14. Ne4 c5
15. Nxc5 Nxc5 16. dxc5 Bxc5 17. Bxh6 Qa5 18. Bxg7 Kxg7 19. h6+ Kh7 20. Ng5+ Kg8
21. Qe5 Be3+ 22. Qxe3 Qxa2 23. Qg3 Qa1+ 24. Kd2 Qa5+ 25. Ke2 Kh8 26. Rd3 Rac8
27. Nxe6 Rxc2+ 28. Kd1 Rd2+ 29. Rxd2 Qxd2+ 30. Kxd2 Ne4+ 31. Ke1 Nxg3 32. Nxf8
Nxh1 33. Kf1 1-0

[Event "17. Europa ch Juvenil - Femenino s18"]
[Site "Sibenik CRO"]
[Date "2007.09.18"]
[Round "5.8"]
[White "Novosadova, Kristyna"]
[Black "Ohme, Melanie"]
[Result "1/2-1/2"]
[WhiteElo "2014"]
[BlackElo "2278"]
[PlyCount "141"]
[EventDate "2007.09.14"]
[EventType "swiss"]
[EventRounds "9"]
[EventCountry "CRO"]
[Source "lmi"]
[SourceDate "2007.09.14"]

1. e4 c5 2. Nf3 e6 3. d4 cxd4 4. Nxd4 a6 5. Bd3 Bc5 6. Nb3 Ba7 7. Qe2 Nc6 8.
Be3 d6 9. Bxa7 Rxa7 10. f4 Nf6 11. Nc3 b5 12. O-O O-O 13. e5 dxe5 14. fxe5 Qb6+
15. Kh1 Nd7 16. Rf4 Ncxe5 17. Ne4 Ng6 18. Rf2 Nde5 19. Raf1 Qd8 20. Nc1 Qh4 21.
h3 Rd7 22. Nc5 Rd5 23. Bxg6 Nxg6 24. N1d3 Qh5 25. Qxh5 Rxh5 26. a4 e5 27. Nb4
bxa4 28. c4 Rh4 29. Rc1 a5 30. Nd5 f5 31. Nxa4 Rd4 32. Nc5 f4 33. Nb3 Rd3 34.
Nc5 Rg3 35. Ne4 Rb3 36. Nc5 Rb8 37. Ra1 Bf5 38. Rxa5 e4 39. b4 e3 40. Re2 Rfe8
41. Ra7 Rbc8 42. Kg1 Be6 43. Nxe6 Rxe6 44. c5 Re4 45. g3 Rd8 46. Nxf4 Ne7 47.
b5 Nf5 48. c6 Nxg3 49. c7 Rf8 50. b6 Rexf4 51. Rxe3 Ne4 52. Rxe4 Rxe4 53. b7
Ree8 54. Ra2 Rc8 55. Rc2 h6 56. Kg2 Kh7 57. bxc8=Q Rxc8 58. Kf3 Kg6 59. Ke4 Kg5
60. Kd5 Kh4 61. Rc3 g5 62. Kd6 h5 63. Kd7 Rh8 64. c8=Q Rxc8 65. Kxc8 g4 66.
hxg4 hxg4 67. Kd7 g3 68. Ke6 g2 69. Rc1 Kg3 70. Kf5 Kf2 71. Kf4 1/2-1/2

[Event "17. Europa ch Juvenil - Femenino s18"]
[Site "Sibenik CRO"]
[Date "2007.09.18"]
[Round "5.9"]
[White "Ayrapetyan, Tatevik"]
[Black "Kruljac, Petra"]
[Result "0-1"]
[WhiteElo "2218"]
[BlackElo "2054"]
[PlyCount "28"]
[EventDate "2007.09.14"]
[EventType "swiss"]
[EventRounds "9"]
[EventCountry "CRO"]
[Source "lmi"]
[SourceDate "2007.09.14"]

1. e4 e6 2. d4 d5 3. Nc3 Bb4 4. e5 c5 5. a3 Bxc3+ 6. bxc3 Ne7 7. Nf3 b6 8. Bb5+
Bd7 9. Bd3 Ba4 10. h4 Qd7 11. h5 h6 12. O-O Bb5 13. Qe2 c4 14. Qd2 cxd3 0-1

[Event "17. Europa ch Juvenil - Femenino s18"]
[Site "Sibenik CRO"]
[Date "2007.09.18"]
[Round "5.10"]
[White "Chierici, Marianna"]
[Black "Zhorzholiani, Meri"]
[Result "0-1"]
[WhiteElo "2004"]
[BlackElo "2110"]
[PlyCount "114"]
[EventDate "2007.09.14"]
[EventType "swiss"]
[EventRounds "9"]
[EventCountry "CRO"]
[Source "lmi"]
[SourceDate "2007.09.14"]

1. e4 c5 2. c3 Nf6 3. e5 Nd5 4. d4 cxd4 5. Nf3 e6 6. cxd4 d6 7. Bc4 Nb6 8. Bb5+
Bd7 9. Bxd7+ N8xd7 10. O-O Qc7 11. Re1 dxe5 12. dxe5 Be7 13. Nc3 O-O 14. Bf4
Rac8 15. Rc1 Qb8 16. h4 Rfd8 17. Ng5 h6 18. Nxe6 fxe6 19. Qg4 Rc6 20. Bxh6 Bf8
21. Bf4 Nc4 22. Qg5 Nxb2 23. Re3 Nc5 24. Rb1 Nba4 25. Ne2 Nd3 26. Rxb7 Qxb7 27.
Qxd8 Qb1+ 28. Kh2 Nxf2 29. Kg3 Ne4+ 30. Kh2 Rb6 31. h5 Nf2 32. Kg3 Nd1 33. Rf3
Rb8 34. Qd4 Nc5 35. Rf1 Nd3 36. Nc3 Qb2 37. Rxd1 Nxf4 38. Rd2 Qa3 39. Qxf4
Qxc3+ 40. Kh2 Rb4 41. Qg5 Re4 42. Rd7 Qxe5+ 43. Qxe5 Rxe5 44. Rxa7 Rxh5+ 45.
Kg3 Bd6+ 46. Kf3 Kh7 47. a4 Kg6 48. a5 Kf6 49. a6 Ra5 50. Ke4 Ra4+ 51. Kd3 g6
52. Ra8 Kf5 53. Kc3 e5 54. Kb3 Ra5 55. Ra7 e4 56. Kc4 e3 57. Kd3 Ra3+ 0-1

[Event "17. Europa ch Juvenil - Femenino s18"]
[Site "Sibenik CRO"]
[Date "2007.09.18"]
[Round "5.11"]
[White "Orlyanskaya, Darya"]
[Black "Hairapetian, Anna"]
[Result "0-1"]
[WhiteElo "2092"]
[BlackElo "2028"]
[PlyCount "94"]
[EventDate "2007.09.14"]
[EventType "swiss"]
[EventRounds "9"]
[EventCountry "CRO"]
[Source "lmi"]
[SourceDate "2007.09.14"]

1. e4 c5 2. Nf3 Nc6 3. Bb5 g6 4. O-O Bg7 5. Re1 Nf6 6. c3 O-O 7. d4 cxd4 8.
cxd4 d5 9. e5 Ne4 10. Nc3 Nxc3 11. bxc3 Na5 12. h3 Bd7 13. Bxd7 Qxd7 14. e6
fxe6 15. Qe2 Rac8 16. Qxe6+ Qxe6 17. Rxe6 Rxc3 18. Bd2 Rcxf3 19. gxf3 Nc6 20.
Bc3 Rxf3 21. Re3 Nxd4 22. Bxd4 Bxd4 23. Rxf3 Bxa1 24. Rd3 e6 25. Kf1 Kf7 26.
Ke2 Be5 27. Rb3 b6 28. Ra3 a5 29. Rf3+ Ke7 30. a4 Bd4 31. Rd3 Bc5 32. Rg3 e5
33. f3 Kf6 34. Rg4 h5 35. Rg2 g5 36. Kf1 Kf5 37. Rd2 Bd4 38. Rc2 Kf4 39. Kg2
Bc5 40. Rd2 e4 41. fxe4 Kxe4 42. Re2+ Be3 43. Kf1 d4 44. Ke1 g4 45. hxg4 hxg4
46. Kf1 g3 47. Rg2 Bf2 0-1

[Event "17. Europa ch Juvenil - Femenino s18"]
[Site "Sibenik CRO"]
[Date "2007.09.18"]
[Round "5.12"]
[White "Charochkina, Daria"]
[Black "Mareckova, Martina"]
[Result "1-0"]
[WhiteElo "2390"]
[BlackElo "2003"]
[PlyCount "65"]
[EventDate "2007.09.14"]
[EventType "swiss"]
[EventRounds "9"]
[EventCountry "CRO"]
[Source "lmi"]
[SourceDate "2007.09.14"]

1. e4 e5 2. Nf3 Nc6 3. Bb5 d6 4. d4 Bd7 5. d5 Nce7 6. Bxd7+ Qxd7 7. c4 Nf6 8.
Nc3 Ng6 9. O-O Be7 10. b4 O-O 11. h3 a5 12. bxa5 Rxa5 13. Ne1 c6 14. Bd2 h6 15.
Nc2 Bd8 16. Ne3 Nf4 17. Nf5 Ra3 18. Qc2 Ba5 19. Nb1 Nxh3+ 20. gxh3 Rxh3 21. Kg2
Rh5 22. Bxa5 g6 23. Ng3 Qh3+ 24. Kf3 cxd5 25. cxd5 Qg4+ 26. Ke3 Qf4+ 27. Ke2
Rh2 28. Qd3 Rc8 29. Bd2 Qh4 30. Nc3 Ng4 31. Qf3 h5 32. Rab1 Rf8 33. Rxb7 1-0

[Event "17. Europa ch Juvenil - Femenino s18"]
[Site "Sibenik CRO"]
[Date "2007.09.18"]
[Round "5.13"]
[White "Kaniak, Justyna"]
[Black "Yildiz, Betul Cemre"]
[Result "1-0"]
[WhiteElo "1942"]
[BlackElo "2217"]
[PlyCount "81"]
[EventDate "2007.09.14"]
[EventType "swiss"]
[EventRounds "9"]
[EventCountry "CRO"]
[Source "lmi"]
[SourceDate "2007.09.14"]

1. e4 e5 2. Nf3 Nc6 3. Bc4 Nf6 4. d3 Be7 5. Nc3 d6 6. h3 O-O 7. Be3 Be6 8. Bb3
d5 9. Bg5 d4 10. Ne2 Nd7 11. Bd2 Nc5 12. Bxe6 Nxe6 13. g4 f6 14. O-O Qd7 15.
Kh2 Ncd8 16. Rg1 c5 17. Qf1 Nf7 18. h4 c4 19. g5 fxg5 20. hxg5 cxd3 21. cxd3
Nc5 22. g6 hxg6 23. Rxg6 Nh8 24. Rg3 Nxd3 25. Nexd4 Bh4 26. Rg2 Nf4 27. Bxf4
Rxf4 28. Nf5 Bf6 29. Ng5 Bxg5 30. Rxg5 g6 31. Qc4+ Kh7 32. Kg3 Rxf5 33. exf5
Rd8 34. fxg6+ Kg7 35. Qg4 Qd3+ 36. Kg2 Qd5+ 37. f3 Rf8 38. Qh5 Qd2+ 39. Kh1 Rc8
40. Qh7+ Kf6 41. Rg2 1-0

[Event "17. Europa ch Juvenil - Femenino s18"]
[Site "Sibenik CRO"]
[Date "2007.09.18"]
[Round "5.14"]
[White "Van Nies, Pauline"]
[Black "Kaniak, Monika"]
[Result "1-0"]
[WhiteElo "2162"]
[BlackElo "1950"]
[PlyCount "71"]
[EventDate "2007.09.14"]
[EventType "swiss"]
[EventRounds "9"]
[EventCountry "CRO"]
[Source "lmi"]
[SourceDate "2007.09.14"]

1. e4 e6 2. d4 d5 3. Nd2 Nf6 4. e5 Nfd7 5. f4 c5 6. c3 Nc6 7. Ndf3 Qb6 8. a3 a5
9. b3 Be7 10. h4 f5 11. h5 Nf8 12. Bd3 Bd7 13. Ne2 O-O-O 14. Be3 cxd4 15. Bxd4
Nxd4 16. cxd4 g6 17. hxg6 Nxg6 18. Kf2 Bc6 19. Qd2 Kd7 20. Bc2 Ra8 21. Rh5 Rag8
22. Ng5 Bxg5 23. Rxg5 Ke7 24. Rh1 Bb5 25. Nc3 Bd7 26. Bxf5 Be8 27. Bc2 h6 28.
Rg4 h5 29. Rg5 Kd8 30. Ke1 Qc7 31. g3 Qe7 32. Nb5 Bxb5 33. Qxa5+ Qc7 34. Qxc7+
Kxc7 35. Bxg6 Rh6 36. Bf7 1-0

[Event "17. Europa ch Juvenil - Femenino s18"]
[Site "Sibenik CRO"]
[Date "2007.09.18"]
[Round "5.15"]
[White "Tonel, Giulia"]
[Black "Steil-Antoni, Fiona"]
[Result "1/2-1/2"]
[WhiteElo "1934"]
[BlackElo "2065"]
[PlyCount "53"]
[EventDate "2007.09.14"]
[EventType "swiss"]
[EventRounds "9"]
[EventCountry "CRO"]
[Source "lmi"]
[SourceDate "2007.09.14"]

1. e4 d6 2. d4 Nf6 3. Nc3 g6 4. f4 Bg7 5. Nf3 O-O 6. h3 c5 7. Bd3 Nc6 8. Be3
Nd7 9. d5 Nb4 10. O-O Nxd3 11. Qxd3 a6 12. a4 b6 13. g4 Qe8 14. f5 Ne5 15. Nxe5
Bxe5 16. Bh6 Bd7 17. Rf3 f6 18. Bxf8 Qxf8 19. Raf1 Qh6 20. b3 Kf7 21. Ne2 g5
22. Kg2 b5 23. axb5 axb5 24. c4 b4 25. R3f2 Qg7 26. Ng3 Ra3 27. Rb1 1/2-1/2

[Event "17. Europa ch Juvenil - Femenino s18"]
[Site "Sibenik CRO"]
[Date "2007.09.18"]
[Round "5.16"]
[White "Kalashyan, Varduhi"]
[Black "Vartic, Irina"]
[Result "1-0"]
[WhiteElo "2059"]
[BlackElo "1921"]
[PlyCount "45"]
[EventDate "2007.09.14"]
[EventType "swiss"]
[EventRounds "9"]
[EventCountry "CRO"]
[Source "lmi"]
[SourceDate "2007.09.14"]

1. e4 e5 2. Nf3 Nc6 3. Bb5 a6 4. Ba4 Nf6 5. d3 d6 6. c3 Be7 7. Nbd2 b5 8. Bc2
O-O 9. O-O h6 10. Re1 Nh7 11. Nf1 Ng5 12. Bxg5 Bxg5 13. h3 Be6 14. d4 exd4 15.
cxd4 d5 16. e5 Ne7 17. h4 Bf4 18. g3 Bg4 19. gxf4 Ng6 20. Kh2 Qd7 21. Qd3 Bxf3
22. Qxf3 Nxh4 23. Qg3 1-0

[Event "17. Europa ch Juvenil - Femenino s18"]
[Site "Sibenik CRO"]
[Date "2007.09.18"]
[Round "5.17"]
[White "Baptista, Ana Filipa"]
[Black "Nadvesnik, Maja"]
[Result "1-0"]
[WhiteElo "2055"]
[BlackElo "1791"]
[PlyCount "67"]
[EventDate "2007.09.14"]
[EventType "swiss"]
[EventRounds "9"]
[EventCountry "CRO"]
[Source "lmi"]
[SourceDate "2007.09.14"]

1. e4 e5 2. Nf3 Nc6 3. Bb5 a6 4. Ba4 Nf6 5. d3 b5 6. Bb3 Be7 7. O-O O-O 8. c3
d6 9. Nbd2 Na5 10. Bc2 c5 11. Re1 Re8 12. Nf1 Bf8 13. Bg5 h6 14. Bh4 g6 15. Ne3
Bg7 16. Qd2 Nc6 17. Nd5 Kh7 18. a4 Rb8 19. axb5 axb5 20. Bb3 Be6 21. Ra6 Bxd5
22. Bxd5 Ne7 23. Bxf7 Rf8 24. Be6 Qc7 25. Rea1 Rb7 26. Qe3 Nc6 27. Bxf6 Rxf6
28. Bd5 Rb6 29. Ra8 Nb8 30. Ng5+ Kh8 31. Ne6 Rxe6 32. Bxe6 Kh7 33. R1a7 Qd8 34.
Qf3 1-0

[Event "17. Europa ch Juvenil - Femenino s18"]
[Site "Sibenik CRO"]
[Date "2007.09.18"]
[Round "5.18"]
[White "Martin, Katie A"]
[Black "Mader, Manuela"]
[Result "1-0"]
[WhiteElo "1928"]
[BlackElo "2204"]
[PlyCount "35"]
[EventDate "2007.09.14"]
[EventType "swiss"]
[EventRounds "9"]
[EventCountry "CRO"]
[Source "lmi"]
[SourceDate "2007.09.14"]

1. e4 d5 2. exd5 Qxd5 3. Nf3 Bg4 4. Be2 Nc6 5. d4 O-O-O 6. c4 Qf5 7. Be3 Nf6 8.
O-O e6 9. Nc3 Qh5 10. h3 e5 11. d5 Bxf3 12. Bxf3 Qh4 13. Qa4 Nd4 14. Qxa7 Nxf3+
15. gxf3 Bd6 16. c5 Qxh3 17. c6 Rdf8 18. Qa8# 1-0

[Event "17. Europa ch Juvenil - Femenino s18"]
[Site "Sibenik CRO"]
[Date "2007.09.18"]
[Round "5.19"]
[White "Homiakova, Ekaterina"]
[Black "Altunkeser, Gozde"]
[Result "1-0"]
[WhiteElo "2089"]
[BlackElo "1913"]
[PlyCount "39"]
[EventDate "2007.09.14"]
[EventType "swiss"]
[EventRounds "9"]
[EventCountry "CRO"]
[Source "lmi"]
[SourceDate "2007.09.14"]

1. e4 c5 2. Nf3 d6 3. d4 cxd4 4. Nxd4 Nf6 5. Nc3 a6 6. Bg5 e6 7. f4 Be7 8. Qf3
Qc7 9. O-O-O Nbd7 10. Qg3 Rg8 11. Bxf6 Nxf6 12. Bd3 Nd7 13. f5 Nc5 14. fxe6
fxe6 15. e5 Nxd3+ 16. Qxd3 dxe5 17. Qxh7 Bg5+ 18. Kb1 Qf7 19. Ne4 Qf8 20. Nxg5
1-0

[Event "17. Europa ch Juvenil - Femenino s18"]
[Site "Sibenik CRO"]
[Date "2007.09.18"]
[Round "5.20"]
[White "Virag, Csilla"]
[Black "Sobierska, Wioletta"]
[Result "0-1"]
[WhiteElo "1892"]
[BlackElo "2012"]
[PlyCount "48"]
[EventDate "2007.09.14"]
[EventType "swiss"]
[EventRounds "9"]
[EventCountry "CRO"]
[Source "lmi"]
[SourceDate "2007.09.14"]

1. d4 d5 2. e3 Nf6 3. Bd3 Bg4 4. f3 Bh5 5. Nd2 Nc6 6. c4 e5 7. Nb3 Bb4+ 8. Bd2
dxc4 9. Bxc4 Qe7 10. Ne2 exd4 11. exd4 O-O 12. O-O Rad8 13. Bxb4 Qxb4 14. Qc2
Bg6 15. Bd3 Nd5 16. Bxg6 hxg6 17. Rac1 Ne3 18. Qd3 Nxf1 19. Kxf1 Rfe8 20. a3
Qd6 21. g3 Qe6 22. Nc5 Qh3+ 23. Kg1 Ne5 24. Qb3 Ng4 0-1

[Event "17. Europa ch Juvenil - Femenino s18"]
[Site "Sibenik CRO"]
[Date "2007.09.18"]
[Round "5.21"]
[White "Le Bail, Clara"]
[Black "Bogdan, Elizaveta"]
[Result "0-1"]
[WhiteElo "1981"]
[BlackElo "1880"]
[PlyCount "98"]
[EventDate "2007.09.14"]
[EventType "swiss"]
[EventRounds "9"]
[EventCountry "CRO"]
[Source "lmi"]
[SourceDate "2007.09.14"]

1. e4 e5 2. Nc3 Nc6 3. g3 Nf6 4. Bg2 Bc5 5. d3 h6 6. Nge2 Ng4 7. O-O d6 8. Na4
Bb6 9. Nxb6 axb6 10. f4 exf4 11. Nxf4 O-O 12. h3 Nf6 13. b3 Nh7 14. Bb2 Qg5 15.
Kh2 Ne5 16. d4 Ng6 17. Nd5 Qd8 18. Qe2 Ng5 19. a3 c6 20. Nf4 Nxf4 21. gxf4 Ne6
22. f5 Ng5 23. e5 dxe5 24. dxe5 Qc7 25. Kh1 Re8 26. Qh5 Ra5 27. Rae1 Rc5 28.
Re2 Qd7 29. h4 Nh7 30. Be4 Rcxe5 31. Bxe5 Rxe5 32. Bg2 Nf6 33. Qf3 Ra5 34. b4
Rd5 35. c4 Rd4 36. Qg3 Rxc4 37. Ref2 Rd4 38. Re1 Nh5 39. Qe3 Rxh4+ 40. Kg1 Nf6
41. Qxb6 Nd5 42. Qc5 b6 43. Qc1 Ba6 44. Qd1 Bc4 45. Qa4 Qd6 46. Rf3 Qh2+ 47.
Kf2 Rg4 48. Qa8+ Kh7 49. Rg1 Qh4+ 0-1